<?xml version='1.0' encoding='UTF-8'?>
  <record xmlns="http://www.loc.gov/MARC21/slim">
    <leader>00000cdm a22000007i 4500</leader>
    <controlfield tag="001">ocn965407157</controlfield>
    <controlfield tag="003">OCoLC</controlfield>
    <controlfield tag="005">20250418162704.3</controlfield>
    <controlfield tag="008">100331q16801680xx   a         n    dut d</controlfield>
    <datafield tag="040" ind1=" " ind2=" ">
      <subfield code="a">QGJ</subfield>
      <subfield code="b">dut</subfield>
      <subfield code="c">QGJ</subfield>
      <subfield code="d">QGJ</subfield>
      <subfield code="d">OCLCL</subfield>
      <subfield code="d">OCLCQ</subfield>
    </datafield>
    <datafield tag="035" ind1=" " ind2=" ">
      <subfield code="a">(OCoLC)965407157</subfield>
    </datafield>
    <datafield tag="041" ind1="0" ind2=" ">
      <subfield code="a">dut</subfield>
      <subfield code="a">fre</subfield>
    </datafield>
    <datafield tag="245" ind1="0" ind2="0">
      <subfield code="a">Handschrift Gresse</subfield>
      <subfield code="h">[muziekhandschrift]</subfield>
      <subfield code="f">UBU Hs. 20 B 9.</subfield>
    </datafield>
    <datafield tag="246" ind1="1" ind2=" ">
      <subfield code="a">Gresse-handschrift</subfield>
    </datafield>
    <datafield tag="246" ind1="1" ind2=" ">
      <subfield code="a">Gresse manuscript</subfield>
    </datafield>
    <datafield tag="260" ind1=" " ind2=" ">
      <subfield code="c">[ca. 1680]</subfield>
    </datafield>
    <datafield tag="300" ind1=" " ind2=" ">
      <subfield code="a">1 partituur (85 fol.) ;</subfield>
      <subfield code="c">317 x 188 (310 x 153) mm</subfield>
    </datafield>
    <datafield tag="336" ind1=" " ind2=" ">
      <subfield code="a">notated music</subfield>
      <subfield code="b">ntm</subfield>
      <subfield code="2">rdacontent</subfield>
    </datafield>
    <datafield tag="337" ind1=" " ind2=" ">
      <subfield code="a">unmediated</subfield>
      <subfield code="b">n</subfield>
      <subfield code="2">rdamedia</subfield>
    </datafield>
    <datafield tag="338" ind1=" " ind2=" ">
      <subfield code="a">volume</subfield>
      <subfield code="b">nc</subfield>
      <subfield code="2">rdacarrier</subfield>
    </datafield>
    <datafield tag="340" ind1=" " ind2=" ">
      <subfield code="a">papier.</subfield>
    </datafield>
    <datafield tag="524" ind1=" " ind2=" ">
      <subfield code="a">Te citeren als: UB Utrecht Hs. 20 B 9.</subfield>
    </datafield>
    <datafield tag="500" ind1=" " ind2=" ">
      <subfield code="a">Muziek voor klavier.</subfield>
    </datafield>
    <datafield tag="500" ind1=" " ind2=" ">
      <subfield code="a">Enkele van de werken in dit handschrift zijn van of worden toegeschreven aan Jacob Gresse. Bevat ook een werk van Jean-Baptiste Lully.</subfield>
    </datafield>
    <datafield tag="500" ind1=" " ind2=" ">
      <subfield code="a">Blanco pagina's: 35v-85v.</subfield>
    </datafield>
    <datafield tag="500" ind1=" " ind2=" ">
      <subfield code="a">Bevat: Bargamasko. Stockendans. Tricoté. La bouré dartus. Balet. La moustarde. La moustarde reformé. La grideliné. Le minuette. Herders Hij is geboren. O herders alsoetjes. Welkom kindeken Jesu zoet. La coquille. La canari. La lande. Preludium. Almande. Courante. Sarabande. Air, dans un bois. Almande. Courante. Sarabande. Almande. Courante. Sarabande. Jegg. Menuets du dauphin. Alcide. Praeludium. Almande. Courante. Sarabande. Jigge. Sarabande de la Royne. Allemande / Jb. Gresse. Les plaisirs. Ay mes profitez. Canzonna. Que ces lieux. Allemande /Jb. Gresse. Courante / Jb. Gresse. Sarabande / Jb. Gresse. [Zonder titel] / [J.B. Lully]. Canzon. Allemande / Jb. Gresse. Courante / Jb. Gresse. Sarabande / Jb. Gresse. Preludium. Preludium. Allemande / Jb. Gresse. [Zonder titel]. [Zonder titel].</subfield>
    </datafield>
    <datafield tag="500" ind1=" " ind2=" ">
      <subfield code="a">Gepubliceerd in: Nederlandse klaviermuziek uit de 16e en 17e eeuw / ed. by Alan Curtis. - Amsterdam, 1961.</subfield>
    </datafield>
    <datafield tag="500" ind1=" " ind2=" ">
      <subfield code="a">Aangekocht in 1960 uit collectie Hans Brandts Buys (signatuur: 2 C 18).</subfield>
    </datafield>
    <datafield tag="562" ind1=" " ind2=" ">
      <subfield code="a">ex. mifi 5 M 34, mifi 1 K 33, mifi 6 A 7: microfilm 35 mm.</subfield>
      <subfield code="5">NL-UtRU</subfield>
    </datafield>
    <datafield tag="562" ind1=" " ind2=" ">
      <subfield code="a">ex. mifi 1 K 33: alleen fol. 6r-7r.</subfield>
      <subfield code="5">NL-UtRU</subfield>
    </datafield>
    <datafield tag="563" ind1=" " ind2=" ">
      <subfield code="a">Perkamenten band.</subfield>
    </datafield>
    <datafield tag="655" ind1=" " ind2="7">
      <subfield code="a">Handschriften (vorm)</subfield>
      <subfield code="0">(NL-LeOCL)088143309.</subfield>
      <subfield code="2">gtt</subfield>
    </datafield>
    <datafield tag="700" ind1="1" ind2=" ">
      <subfield code="a">Gresse, Jacob.</subfield>
    </datafield>
    <datafield tag="700" ind1="1" ind2=" ">
      <subfield code="a">Lully, Jean-Baptiste de,</subfield>
      <subfield code="d">1632-1687.</subfield>
    </datafield>
    <datafield tag="700" ind1="1" ind2=" ">
      <subfield code="a">Brandts Buys, Hans,</subfield>
      <subfield code="e">former owner.</subfield>
      <subfield code="4">fmo</subfield>
      <subfield code="5">NL-UtRU</subfield>
    </datafield>
    <datafield tag="758" ind1=" " ind2=" ">
      <subfield code="a">UBU Hs. 20 B 9 Handschrift Gresse (Text)</subfield>
      <subfield code="1">https://id.oclc.org/worldcat/entity/E39PD3wK9vjhBfd3tQhmq7MRYX</subfield>
      <subfield code="4">https://id.oclc.org/worldcat/ontology/hasWork</subfield>
    </datafield>
    <datafield tag="856" ind1="4" ind2="1">
      <subfield code="u">http://objects.library.uu.nl/reader/resolver.php?obj=002311174&amp;type=2</subfield>
      <subfield code="x">Online</subfield>
      <subfield code="z">Full Text</subfield>
    </datafield>
    <datafield tag="936" ind1=" " ind2=" ">
      <subfield code="a">BATCHLOAD</subfield>
    </datafield>
  </record>